| 000 | 00812nam a2200265Ia 4500 | ||
|---|---|---|---|
| 008 | 160404s9999 xx 000 0 und d | ||
| 020 | _a978-971-98-0158-0 | ||
| 050 | _aFIL NX 280 | ||
| 050 | _b.A75 2014 c.2 | ||
| 100 | _aAriola, Mariano M. | ||
| 245 | _aIntroduction to art appreciation : | ||
| 245 | _ba textbook in humanities / | ||
| 245 | _cMariano M. Ariola. | ||
| 250 | _a2nd Edition | ||
| 260 | _aQuezon City: | ||
| 260 | _bC&E Publishing, Inc. | ||
| 260 | _c2014 | ||
| 300 | _a193 pages : | ||
| 300 | _billustrations (some color) ; | ||
| 300 | _c26 cm. | ||
| 500 | _aIncludes bibliographical references. | ||
| 650 | _aArts -- Study and teaching -- Philippines. | ||
| 650 | _aHumanities -- Study and teaching -- Philippines. | ||
| 650 | _xArt appreciation -- Study and teaching. | ||
| 999 |
_c293342 _d293342 |
||